Grandes mujeres que cambiaron el mundo / (Registro nro. 30603)

Detalles MARC
000 -LEADER
fixed length control field 00277nam a22000977a 4500
008 - FIXED-LENGTH DATA ELEMENTS--GENERAL INFORMATION
fixed length control field 240219b |||||||| |||| 00| 0 eng d
082 ## - DEWEY DECIMAL CLASSIFICATION NUMBER
Classification number 922 P15g Ej.1
100 10 - MAIN ENTRY--PERSONAL NAME
Personal name Pankhurst, Kate
Relator term autor
9 (RLIN) 43433
245 ## - TITLE STATEMENT
Title Grandes mujeres que cambiaron el mundo /
Statement of responsibility, etc. Kate Pankhurst
942 ## - ADDED ENTRY ELEMENTS (KOHA)
Source of classification or shelving scheme Dewey Decimal Classification
Existencias
Withdrawn status Lost status Source of classification or shelving scheme Damaged status Not for loan Home library Current library Date acquired Total Checkouts Full call number Barcode Date last seen Date last checked out Price effective from Koha item type
    Dewey Decimal Classification     Biblored Biblioteca Pública José María del Castillo y Rada 02/19/2024 3 922 P15g Ej.1 14117942 04/09/2024 04/09/2024 02/19/2024 Books